Random Movies by Picture - Statistics

General Stats
  • This quiz has been taken 1,275 times
  • The average score is 8 of 16
Answer Stats
Picture Answer % Correct
Gladiator
97%
Raiders of the Lost Ark
83%
Alien
78%
The Mummy
73%
2001 a Space Odyssey
66%
Airplane!
62%
Tropic Thunder
57%
Star Wars: A New Hope
53%
Inglorious Basterds
51%
Psycho
49%
Dr. Strangelove
45%
Blade Runner
42%
The Naked Gun
38%
The Thing
27%
Creepshow
3%
The Serpent and the Rainbow
3%
No matching quizzes found
Score Distribution
Percent of People with Each Score
Percentile by Number Answered
Your Score History
You have not taken this quiz